000 00354nam a22001337a 4500
008 160520b xxu||||| |||| 00| 0 eng d
020 _a9781416024576
020 _a9781416024573
020 _a1416024573
041 _aeng
080 _a615
245 _aPharmacology for the surgical technologist:
_cKatherine C. Snyder ; Chris Keegan;
942 _2udc
_cBK
999 _c2324
_d2324